| 000 | 00803cam a2200133 4500500 | ||
|---|---|---|---|
| 005 | 20260405024722.0 | ||
| 041 | _afre | ||
| 042 | _adc | ||
| 100 | 1 | 0 |
_aAbbad, Fabrice _eauthor |
| 245 | 0 | 0 | _aLa France de 1919 à 1939 |
| 260 |
_bArmand Colin,
_c2016. |
||
| 520 | _aL’histoire politique, économique, sociale et culturelle de la France de l’entre-deux-guerres selon le principe pédagogique de la collection : chaque chapitre regroupe un glossaire (notions et concepts-clés), les sujets d’examens et de concours des dix dernières années, un résumé du cours, des fiches en 1 ou 2 pages sur des points essentiels pouvant faire l’objet de devoirs, de TD, d’examens. | ||
| 856 | 4 | 1 | _uhttps://shs.cairn.info/la-france-de-1919-a-1939--9782200014070?lang=fr&redirect-ssocas=7080 |
| 999 |
_c2140775 _d2140775 |
||